LEADER 01273nam0 22002891i 450 001 UON00096416 005 20231205102535.177 100 $a20020107d1986 |0itac50 ba 101 $aita 102 $aIT 105 $a|||| 1|||| 200 1 $aCasa, citta' e campagna nel tardo antico e nell'alto medioevo$escritti di Michelangelo Cagiano de Azevedo$fa cura di C. D. Fonseca, D. Adamesteanu, F. D'Andria 210 $aGalatina$cCongedo$d1986 215 $a408 p., tav.$cill.$d24 cm 410 1$1001UON00087432$12001 $aArcheologia e storia$1210 $aGalatina$cCongedo$d[19..]$v1 620 $aIT$dGalatina (Lecce)$3UONL001242 700 1$aCAGIANO DE AZEVEDO$bMichelangelo$3UONV049056$0155769 702 1$aAdamesteanu$bDinu$3UONV056407 702 1$aD'ANDRIA$bFrancesco$3UONV057539 702 1$aFonseca$bCosimo Damiano$3UONV021721 712 $aCongedo$3UONV259359$4650 801 $aIT$bSOL$c20250509$gRICA 899 $aSIBA - SISTEMA BIBLIOTECARIO DI ATENEO$2UONSI 912 $aUON00096416 950 $aSIBA - SISTEMA BIBLIOTECARIO DI ATENEO$dSI X 1 CAGIANO DE AZEVEDO $eSI MC 10161 5 996 $aCasa, città e campagna nel tardo antico e nell'alto Medioevo$9201360 997 $aUNIOR LEADER 07833nam 22008295 450 001 9911022280103321 005 20250912205212.0 010 $a3-11-079953-7 010 $a3-11-079951-0 024 7 $a10.1515/9783110799514 035 $a(CKB)26384959000041 035 $a(DE-B1597)627081 035 $a(DE-B1597)9783110799514 035 $a(OCoLC)1374540142 035 $a(MiAaPQ)EBC30455232 035 $a(Au-PeEL)EBL30455232 035 $a(OCoLC)1399979526 035 $a(EXLCZ)9926384959000041 100 $a20230328h20232023 fg 101 0 $aeng 135 $aur||#|||||||| 181 $ctxt$2rdacontent 182 $cc$2rdamedia 183 $acr$2rdacarrier 200 00$aBeyond Universalism / Partager l?universel : Studies on the Contemporary / Études sur le contemporain. Reparation, Restitution, and the Politics of Memory / Réparation, restitution et les politiques de la mémoire $ePerspectives from Literary, Historical, and Cultural Studies / Perspectives littéraires, historiques et culturelles /$fed. by Mario Laarmann, Clément Ndé Fongang, Carla Seemann, Laura Vordermayer 205 $a1st ed. 210 1$aBerlin ;$aBoston :$cDe Gruyter,$d[2023] 210 4$d©2023 215 $a1 online resource (IX, 300 p.) 225 0 $aBeyond Universalism / Partager l?universel : Studies on the Contemporary / Études sur le contemporain ,$x2700-1156 ;$v3 311 08$a3-11-079950-2 327 $tFrontmatter --$tAcknowledgements / Remerciements --$tContents / Table des matières --$tReparation, Restitution, and the Politics of Memory. A Methodological and Historical Introduction --$tPart I: Restitution and Reparation / Première partie : La restitution et la réparation --$tL?icône --$tQu?est-ce qu?une pratique culturelle de réparation ? La stèle d?Axoum et « L?icona » d?Igiaba Scego --$tPart II: Museums, Art, and Entangled Histories / Deuxième partie : Le musée, les arts, et les histoires entrelacées --$tFig. 1. --$tLes Entrelacs de l?Obje / The Object?s Interlacing --$t(Ir)reparability Begins in the Body: Towards a Museum of Disrepair --$tRepairing Cultural and Museum Cooperation between Cameroon and Europe --$tLes statues considérées comme des protagonistes des histoires européennes d?interdépendance et de désunion --$tPart III: Commemorative Politics and the Public Sphere / Troisième partie : Les politiques de la mémoire et le domaine public --$tTo Represent the Non-Representable. A Mnemonic Restitution of the Body in Claudia Fontes? La Reconstrucción del Retrato de Pablo Míguez --$tRepairing the ?Suffering of the Others?? The OvaHerero and Nama Genocide between Recognition and Misrecognition --$tPart IV: Reparation through Literature / Quatrième partie : La réparation par la littérature --$tand I mean / and I am saying --$tHalf-Hymns, Prayers, and Fortifications --$tQui répare qui ? Comment et pourquoi ? Une éthique et esthétique de la relation --$tLa réparation au prisme des débats sur l?universel --$tForms and Obstacles of Reparation in Bernhard Jaumann?s Der lange Schatten --$tPart V: Reparation and Ecology / Cinquième partie : La réparation et l?écologie --$tTrouble against Trouble --$tConte de fées et réparation écologique : La lucina d?Antonio Moresco --$tDe l?imagination environnementale à la restauration des liens écouméniques --$tContributors / Contributeurs --$tIndex 330 $aOver the past roughly two decades, the interconnected concepts of reparation, restitution, and commemorative culture have gained renewed momentum ? in academic discourse as much as in activist, artistic, and political contexts. This development insists on a critique of the material and systemic conditions of societies and global relations. In their 2018 report on the restitution of looted cultural artifacts, for example, Bénédicte Savoy and Felwine Sarr discuss restitutions in the light of a new ethics of relations. Individual acts of restitution, but also the processes of material and immaterial reparation that go with them, are viewed as mediators in the by definition irreparable legacy of colonialism and its present repercussions. A new ethics of relations might even go beyond anthropocentrism: The destruction of nature in the Anthropocene and the destruction of humanity that is colonialism both require a fundamental questioning of the premises of western modernity and a radically different relationship to the world. The present volume aims to examine different discourses and practices of reparation, bringing together perspectives from cultural studies, memory studies, post- or decolonial studies as well as literary studies. Chapters from these disciplines are complemented by contributions from the fields of philosophy, art, and literature in order to explore the multiple facets of reparation. With contributions by Kader Attia, Lucia della Fontana, Ibou Coulibaly Diop, Alexandre Gefen, Hannah Grimmer, hn. lyonga, Helena Janeczek, Markus Messling, Clément Ndé Fongang, Aurélia Kalisky, Fabiola Obame, Angelica Pesarini, Aurore Reck, Olivier Remaud, Patricia Oster-Stierle, Sahra Rausch, Igiaba Scego, Ibrahima Sene, Christiane Solte-Gresser, Jonas Tinius. 410 0$aBeyond Universalism / Partager L'universel Series 606 $aLITERARY CRITICISM / Modern / 21st Century $2bisacsh 610 $aecocriticism. 610 $amultidirectional memory. 610 $apostcolonialism. 610 $arelational ethics. 615 7$aLITERARY CRITICISM / Modern / 21st Century . 676 $a303.69 702 $aAttia$b Kader$4ctb$4https://id.loc.gov/vocabulary/relators/ctb 702 $aDiop$b Ibou$4ctb$4https://id.loc.gov/vocabulary/relators/ctb 702 $aFontana$b Lucia della$4ctb$4https://id.loc.gov/vocabulary/relators/ctb 702 $aGefen$b Alexandre$4ctb$4https://id.loc.gov/vocabulary/relators/ctb 702 $aGrimmer$b Hannah Katalin$4ctb$4https://id.loc.gov/vocabulary/relators/ctb 702 $aLaarmann$b Mario$4ctb$4https://id.loc.gov/vocabulary/relators/ctb 702 $aLaarmann$b Mario$4edt$4http://id.loc.gov/vocabulary/relators/edt 702 $aMessling$b Markus$4ctb$4https://id.loc.gov/vocabulary/relators/ctb 702 $aNdé Fongang$b Clément$4ctb$4https://id.loc.gov/vocabulary/relators/ctb 702 $aNdé Fongang$b Clément$4edt$4http://id.loc.gov/vocabulary/relators/edt 702 $aObame$b Fabiola$4ctb$4https://id.loc.gov/vocabulary/relators/ctb 702 $aOster$b Patricia$4ctb$4https://id.loc.gov/vocabulary/relators/ctb 702 $aPesarini$b Angelica$4ctb$4https://id.loc.gov/vocabulary/relators/ctb 702 $aRausch$b Sahra$4ctb$4https://id.loc.gov/vocabulary/relators/ctb 702 $aRemaud$b Olivier$4ctb$4https://id.loc.gov/vocabulary/relators/ctb 702 $aScego$b Igiaba$4ctb$4https://id.loc.gov/vocabulary/relators/ctb 702 $aSeemann$b Carla$4ctb$4https://id.loc.gov/vocabulary/relators/ctb 702 $aSeemann$b Carla$4edt$4http://id.loc.gov/vocabulary/relators/edt 702 $aSe?ne$b Ibrahima$4ctb$4https://id.loc.gov/vocabulary/relators/ctb 702 $aSolte-Gresser$b Christiane$4ctb$4https://id.loc.gov/vocabulary/relators/ctb 702 $aTinius$b Jonas$4ctb$4https://id.loc.gov/vocabulary/relators/ctb 702 $aVordermayer$b Laura$4ctb$4https://id.loc.gov/vocabulary/relators/ctb 702 $aVordermayer$b Laura$4edt$4http://id.loc.gov/vocabulary/relators/edt 702 $alyonga$b hn.$4ctb$4https://id.loc.gov/vocabulary/relators/ctb 712 02$aEuropean Research Council,$4fnd$4http://id.loc.gov/vocabulary/relators/fnd 801 0$bDE-B1597 801 1$bDE-B1597 906 $aBOOK 912 $a9911022280103321 996 $aBeyond Universalism$93088775 997 $aUNINA LEADER 01518nam0 22002651i 450 001 UON00073586 005 20231205102400.248 100 $a20020107d1984 |0itac50 ba 101 $aita 102 $aIT 105 $a|||| ||||| 200 1 $aˆL'‰J$dEssere forte nel semitico del nord-ovest e nella Bibbia masoretica$fGiovanni Deiana 210 $aNapoli$cIUO$d1984 215 $a87 p. , 23 cm 311 $av. 44 (1984) fs. 4$9UON00100623 422 0$1001UON00100623$12001 $aAnnali$eRivista del Dipartimento di Studi Asiatici e del Dipartimento di Studi su Africa e Paesi Arabi$fIstituto Universitario Orientale$1207 $aVol. 44 (1984)- $1210 $aNapoli$cIstituto Universitario Orientale$d1984- $1215 $a v.$d24 cm$1300 $aTrimestrale con supplementi; annuale dal 2000; semestrale dal 2016. - Dal 2016 l'editore varia in: Leiden : Boston ; Brill.$vsuppl. 41 v. 44 (1984) fs. 4 620 $aIT$dNapoli$3UONL000012 700 1$aDEIANA$bGiovanni$3UONV003777$034921 712 $aR. Istituto Orientale in Napoli$3UONV265274$4650 801 $aIT$bSOL$c20260313$gRICA 912 $aUON00073586 950 $aSIBA - SISTEMA BIBLIOTECARIO DI ATENEO E ARCHIVIO STORICO$dSI 53 suppl. 041 $eSI AA 16137 7 suppl. 041 950 $aSIBA - SISTEMA BIBLIOTECARIO DI ATENEO E ARCHIVIO STORICO$dSI A Per 52 1984 (44) suppl. 41 $eSI SA 121606 7 suppl. 41 996 $aJ$91165826 997 $aUNIOR